Không có gì ngoài cả cuộc đời Tập truyện về Các Mác và Phridrích Enghen

Những sự kiện có liên quan đến những năm tháng khác nhau trong cuộc đời hoạt động của Mác và ừnghen

Na minha lista:
Detalhes bibliográficos
Autor principal: Busin, Vlađimia
Outros Autores: Dương Minh Sơn (Dịch), Từ Ngọc Ân (Dịch)
Formato: Livro
Idioma:Vietnamese
Publicado em: H. Thanh niên 1984
Edição:In lần 2
Assuntos:
Tags: Adicionar Tag
Sem tags, seja o primeiro a adicionar uma tag!
Thư viện lưu trữ: Mạng thư viện Đại học Đà Nẵng
LEADER 01200nam a22003858a 4500
001 000007646
003 3809
005 20111010141035.0
008 111010s1984 b 000 0 od
020 |c 10,50đ  |d 10150b 
041 0 |a dịch liên xô 
041 0 |a vie 
084 |a A33,1  |b KH455C 
100 1 |a Busin, Vlađimia 
245 1 0 |a Không có gì ngoài cả cuộc đời  |b Tập truyện về Các Mác và Phridrích Enghen  |c Vlađimia Busin ; Dương Minh Sơn, Từ Ngọc Ân 
250 |a In lần 2 
260 |a H.  |b Thanh niên  |c 1984 
300 |a 314tr  |c 20cm 
520 |a Những sự kiện có liên quan đến những năm tháng khác nhau trong cuộc đời hoạt động của Mác và ừnghen 
653 |a ừnghen F. 
653 |a sự nghiệp 
653 |a cuộc đời 
653 |a Mác C. 
653 |a Chủ nghĩa Mác 
653 |a truyện ngắn 
700 1 |a Dương Minh Sơn  |e Dịch 
700 1 |a Từ Ngọc Ân  |e Dịch 
OWN |a LSP 
999 |a From the UDN01 
TYP |a Monograph 
TYP |a Printed language 
980 |a Mạng thư viện Đại học Đà Nẵng